1419 1620 1851 1518 1544 1786 1791 1311 1129 1349 1071 1716 1990 1971 1535 1899 1998 1452 1492 1906 1668 1706 1158 1117 1203 1865 1161 1723 1308 1245 1570 1798 1662 1415 1219 1190 1011 1345 1914 1456 1929 1392 1903 1241 1808 1054 1630 1945 1101 1446 1679 1206 1533 1860 1013 1564 1637 1032 1070 1752 1761 1255 1658 1682 1559 1079 1764 1928 1837 1743 1103 1794 1263 1281 1100 1212 1839 1251 1668 1255 1061 1464 1620 1121 1179 1308 1171 1023 1929 1769 1337 1891 1448 1672 1076 1341 1261 1962 1197 BCNSPRNW ULIB Ver.6.0+V

เปลี่ยนเป็นภาษาไทย

Change to English
 แสดงรายละเอียดบรรณานุกรม
  กลับหน้าหลัก

Brief Record : Get Marc (ISO 2709) : E-mail record : QR code < ปิดหน้าต่าง
LEADER : 00000nam 2200000uu 4500
001    13399127809
003     ULIB
008    210930s2563||||th 000 0 tha d
020    ^a9789740339533^c160
060  4 ^aWY160^bย353ก
100 0  ^aยุทธชัย ไชยสิทธิ์
245 10 ^aการพยาบาลผู้ป่วยที่มีภาวะบีบคั้นทางจิตวิญญาณ =^bNursing cares for patients with spiritual distress /^cยุทธชัย ไชยสิทธิ์, ประเสริฐ ไพบูลย์รุ่งโรจน์
246 31 ^aNursing cares for patients with spiritual distress
260    ^aกรุงเทพฯ: ^bโรงพิมพ์แห่งจุฬาลงกรณ์มหาวิทยาลัย,^c2563
300    ^a123 หน้า
650  4 ^aการพยาบาลด้านจิตวิญญาณ
650  4 ^aการพยาบาล^xแง่จิตวิทยา
650  4 ^aผู้ป่วย^xแง่จิตวิทยา
945    ^p160^l0^i008236
945    ^p160^l0^i008237
945    ^p160^l0^i008238
945    ^p160^l0^i008239
999    ^aประนอม เกษจรัล
รายการนี้ยังไม่มีแท็ก
คุณยังไม่ได้ล็อกอิน คุณสามารถมีกิจกรรมร่วมกับเว็บไซต์ได้ แต่ต้องล็อกอินก่อน ::
  ล็อกอิน

รายการสื่อสารสนเทศ

ลำดับที่ ประเภท เลขเรียก/บาร์โค้ด สถานที่ สถานะ
1. Book การพยาบาล
หนังสือสำรอง
สถานะ=หนังสือสำรอง
WY160 ย353ก ฉ.1 
  Barcode: 008236
ห้องสมุดวิทยาเขตสวรรค์ประชารักษ์
►หนังสือทั่วไป
บนชั้น
2. Book การพยาบาล
Book การพยาบาล
WY160 ย353ก ฉ.2 
  Barcode: 008237
ห้องสมุดวิทยาเขตสวรรค์ประชารักษ์
►หนังสือทั่วไป
ถูกยืม กำหนดส่งวันที่ 5 ธันวาคม 2568
  จอง
3. Book การพยาบาล
Book การพยาบาล
WY160 ย353ก ฉ.3 
  Barcode: 008238
ห้องสมุดวิทยาเขตสวรรค์ประชารักษ์
►หนังสือทั่วไป
บนชั้น
4. Book การพยาบาล
Book การพยาบาล
WY160 ย353ก ฉ.4 
  Barcode: 008239
ห้องสมุดวิทยาเขตสวรรค์ประชารักษ์
►หนังสือทั่วไป
บนชั้น

รายการใกล้เคียง
    หัวเรื่อง [การพยาบาลด้านจิตวิญญาณ]

BibComment


ยังไม่เคยถูกคอมเมนท์

คอมเมนท์ทรัพยากรรายการนี้
  คอมเมนท์: การพยาบาลผู้ป่วย..


 Copyright 2026. Bcnsprnw @Library